A carregar...
Europe and the modrn world /
| Autor principal: | |
|---|---|
| Outros Autores: | |
| Formato: | Printed Book |
| Idioma: | English |
| Publicado em: |
Bombay :
Allied Pacific,
1962.
|
| Colecção: | v1
|
| LEADER | 00491nam a2200145Ia 4500 | ||
|---|---|---|---|
| 008 | 150624b xxu||||| |||| 00| 0 eng d | ||
| 082 | |a 940.2 | ||
| 100 | |a Gottschalk, Louis | ||
| 245 | |a Europe and the modrn world / |c Louis Gottschalk | ||
| 260 | |a Bombay : |b Allied Pacific, |c 1962. | ||
| 490 | |a v1 | ||
| 700 | |a Lach, Donald | ||
| 942 | |c BK | ||
| 999 | |c 61656 |d 61656 | ||
| 952 | |0 0 |1 0 |4 0 |6 940_200000000000000_GOT_E |7 0 |9 61633 |a UL |b UL |c ST1 |d 2012-10-27 |l 2 |o 940.2 GOT/E |p D691 |r 2019-04-10 |s 2019-03-29 |w 2012-10-27 |y BK | ||